[Event "FIDE World Blitz-ch Women 2018"]
[Site "St. Petersburg"]
[Date "2018.12.29"]
[Round "4.26"]
[White "Khotenashvili, Bela"]
[Black "Chernyak, Viktoria"]
[Result "1-0"]
[WhiteElo "2479"]
[BlackElo "2186"]
[Annotator "ChessBase"]
[PlyCount "65"]
[EventDate "2018.12.19"]
[EventType "swiss"]
[EventCountry "RUS"]
[SourceTitle "playchess.com"]
[Source "ChessBase"]
[SourceQuality "1"]

1. d4 d5 2. Bf4 Nf6 3. e3 e6 4. Nf3 c5 5. Nbd2 Bd6 6. dxc5 Bxf4 7. exf4 Qc7 8. g3 Qxc5 9. Bg2 O-O 10. O-O b6 11. Ne5 Bb7 12. Nb3 Qc7 13. Nd4 Nbd7 14. Re1 Rac8 15. c3 a6 16. a4 Rfe8 17. h4 h6 18. g4 Ne4 19. f3 Nd6 20. h5 Nc4 21. Qe2 Nf6 22. Kf2 Qc5 23. Kg3 Nd6 24. Rh1 b5 25. axb5 Nxb5 26. g5 Nh7 27. Nxb5 axb5 28. Qd2 Ra8 29. Rae1 Ra4 30. Rh4 d4 31. Rg4 dxc3 32. bxc3 Kf8 33. Nd7+ 1-0

[Event "FIDE World Blitz-ch Women 2018"]
[Site "St. Petersburg"]
[Date "2018.12.29"]
[Round "4.27"]
[White "Vega Gutierrez, Sabrina"]
[Black "Strutinskaia, Galina"]
[Result "1-0"]
[WhiteElo "2390"]
[BlackElo "2201"]
[Annotator "NA"]
[PlyCount "75"]
[EventDate "2018.12.19"]
[EventType "swiss"]
[EventCountry "RUS"]
[SourceTitle "playchess.com"]
[Source "ChessBase"]
[SourceQuality "1"]

1. e4 c5 2. Nf3 d6 3. d4 cxd4 4. Nxd4 Nf6 5. Nc3 a6 6. Bd3 e5 7. Nde2 Nc6 8. O-O b5 9. a4 b4 10. Nd5 Be7 11. Bd2 Rb8 12. Ng3 O-O 13. c3 a5 14. Bb5 Bd7 15. cxb4 Nxd5 16. exd5 Nxb4 17. Bxb4 axb4 18. Bxd7 Qxd7 19. Qb3 f5 20. Rfc1 e4 21. Rc4 Qb7 22. Rc6 Qa7 23. Rac1 Qd4 24. Ne2 Qd2 25. R6c2 Qh6 26. Nd4 f4 27. Re1 Qg6 28. Qh3 b3 29. Rc3 Bf6 30. Rc4 e3 31. fxe3 Qd3 32. Rc3 Qd2 33. Rcc1 fxe3 34. Ne6 Rfe8 35. Rcd1 Qxb2 36. Qxe3 Qa2 37. Qd3 Qxa4 38. Rf1 1-0

[Event "FIDE World Blitz-ch Women 2018"]
[Site "St. Petersburg"]
[Date "2018.12.29"]
[Round "4.28"]
[White "Arabidze, Meri"]
[Black "Paramzina, Anastasya"]
[Result "1-0"]
[WhiteElo "2387"]
[BlackElo "2229"]
[Annotator "NA"]
[PlyCount "101"]
[EventDate "2018.12.19"]
[EventType "swiss"]
[EventCountry "RUS"]
[SourceTitle "playchess.com"]
[Source "ChessBase"]
[SourceQuality "1"]

1. Nf3 Nf6 2. c4 g6 3. b3 Bg7 4. Bb2 c5 5. e3 b6 6. Be2 Bb7 7. O-O O-O 8. d3 d5 9. cxd5 Nxd5 10. Bxg7 Kxg7 11. Qc2 Nc6 12. a3 Qd7 13. Nbd2 Rfe8 14. Rfd1 Rad8 15. h3 Qc8 16. Nc4 Qb8 17. Qb2+ Kg8 18. Nce5 Nxe5 19. Nxe5 Nf6 20. Bf1 Rd5 21. f4 Rdd8 22. b4 cxb4 23. axb4 a6 24. Re1 h5 25. Qa2 e6 26. Qf2 Nd7 27. d4 Kg7 28. Be2 Qd6 29. Bxa6 Bxa6 30. Rxa6 Qxb4 31. Ra7 Nxe5 32. fxe5 Re7 33. Qf6+ Kh7 34. Rxe7 Qxe1+ 35. Kh2 Rf8 36. Rxf7+ Rxf7 37. Qxf7+ Kh8 38. Qxg6 Qxe3 39. Qxh5+ Kg7 40. Qg4+ Kh7 41. h4 b5 42. h5 Qd3 43. Qxe6 Qxd4 44. Qg6+ Kh8 45. Qf6+ Kh7 46. h6 Qd7 47. e6 Qd6+ 48. Kh3 Qd3+ 49. g3 Qg6 50. Qxg6+ Kxg6 51. e7 1-0

[Event "FIDE World Blitz-ch Women 2018"]
[Site "St. Petersburg"]
[Date "2018.12.29"]
[Round "4.29"]
[White "Batsiashvili, Nino"]
[Black "Borisova, Ekaterina"]
[Result "0-1"]
[WhiteElo "2459"]
[BlackElo "2244"]
[Annotator "ChessBase"]
[PlyCount "69"]
[EventDate "2018.12.19"]
[EventType "swiss"]
[EventCountry "RUS"]
[SourceTitle "playchess.com"]
[Source "ChessBase"]
[SourceQuality "1"]

1. Nf3 d5 2. e3 Nf6 3. c4 c6 4. Nc3 Bg4 5. cxd5 cxd5 6. Qb3 Bxf3 7. Qxb7 Nbd7 8. gxf3 e6 9. Nb5 Rc8 10. Nxa7 Rc7 11. Qa6 Nb8 12. Qa4+ Nfd7 13. Nb5 Rc8 14. b3 Be7 15. Ba3 O-O 16. Bxe7 Qxe7 17. Be2 Nc5 18. Qa3 Qf6 19. Rd1 Nbd7 20. b4 Nb7 21. Qd3 Ne5 22. Qd4 Nxf3+ 23. Bxf3 Qxf3 24. Rg1 g6 25. Qg4 Qf6 26. Qd4 Qf3 27. Qb6 Nd8 28. Nd4 Qh3 29. Qa6 Rc4 30. b5 Qxh2 31. Rf1 Qb8 32. Rb1 Nb7 33. Ke2 Nc5 34. Qa3 Qb6 35. Qb2 0-1

[Event "FIDE World Blitz-ch Women 2018"]
[Site "St. Petersburg"]
[Date "2018.12.29"]
[Round "4.30"]
[White "Sirotkina, Nina"]
[Black "Ambartsumova, Karina"]
[Result "0-1"]
[WhiteElo "2188"]
[BlackElo "2383"]
[Annotator "NA"]
[PlyCount "59"]
[EventDate "2018.12.19"]
[EventType "swiss"]
[EventCountry "RUS"]
[SourceTitle "playchess.com"]
[Source "ChessBase"]
[SourceQuality "1"]

1. d4 Nf6 2. Bf4 d5 3. e3 c5 4. c3 e6 5. Nf3 Nc6 6. Nbd2 cxd4 7. exd4 Nh5 8. Be3 Bd6 9. g3 O-O 10. Bg2 Qe8 11. Ne5 f5 12. f4 Nf6 13. O-O Bd7 14. Ndf3 Ne4 15. a4 Na5 16. b4 Nxc3 17. Qe1 Bxb4 18. Bd2 Nb3 19. Bxc3 Bxc3 20. Qxc3 Nxa1 21. Rxa1 Bxa4 22. Bf1 b5 23. Nd3 a5 24. Nc5 b4 25. Qe3 Bd7 26. Ne5 Bc8 27. Bd3 a4 28. Qe2 a3 29. Bb5 Qd8 30. Nc6 0-1

[Event "FIDE World Blitz-ch Women 2018"]
[Site "St. Petersburg"]
[Date "2018.12.29"]
[Round "4.31"]
[White "Mamedjarova, Zeinab"]
[Black "Tsolakidou, Stavroula"]
[Result "1-0"]
[WhiteElo "2338"]
[BlackElo "2387"]
[Annotator "NA"]
[PlyCount "61"]
[EventDate "2018.12.19"]
[EventType "swiss"]
[EventCountry "RUS"]
[SourceTitle "playchess.com"]
[Source "ChessBase"]
[SourceQuality "1"]

1. d4 Nf6 2. Nf3 e6 3. e3 b6 4. Bd3 Bb7 5. Nbd2 d5 6. O-O Bd6 7. b3 O-O 8. Bb2 Ne4 9. Ne5 Nd7 10. c4 Bxe5 11. dxe5 Ndc5 12. Be2 Nxd2 13. Qxd2 dxc4 14. Qxd8 Rfxd8 15. Bxc4 Rd2 16. Bd4 Ba6 17. Rfc1 Bxc4 18. Rxc4 Rd8 19. h3 Rd5 20. b4 Nd3 21. Rxc7 g5 22. Rxa7 Nxf2 23. Bxb6 Rc2 24. Bd4 Nd3 25. a4 Nxb4 26. Rf1 Nc6 27. Raxf7 Nxd4 28. exd4 Rxd4 29. a5 Rdd2 30. R1f2 Rd1+ 31. Kh2 1-0

[Event "FIDE World Blitz-ch Women 2018"]
[Site "St. Petersburg"]
[Date "2018.12.29"]
[Round "4.32"]
[White "Lelekova, Olga"]
[Black "Shafigullina, Zarina"]
[Result "1/2-1/2"]
[WhiteElo "2261"]
[BlackElo "2140"]
[Annotator "NA"]
[PlyCount "100"]
[EventDate "2018.12.19"]
[EventType "swiss"]
[EventCountry "RUS"]
[SourceTitle "playchess.com"]
[Source "ChessBase"]
[SourceQuality "1"]

1. e4 c5 2. Nf3 Nc6 3. d4 cxd4 4. Nxd4 Nf6 5. Nc3 e5 6. Ndb5 d6 7. Bg5 a6 8. Na3 b5 9. Nd5 Be7 10. Bxf6 Bxf6 11. c4 b4 12. Nc2 a5 13. Be2 Bg5 14. O-O O-O 15. Nce3 g6 16. Bg4 Be6 17. b3 Rb8 18. Qd3 Kh8 19. Rad1 Bxg4 20. Nxg4 f5 21. exf5 gxf5 22. Nge3 f4 23. Nc2 f3 24. g3 Qd7 25. Nde3 Rbd8 26. Qd5 Ne7 27. Qxa5 Nf5 28. Qxb4 Nxe3 29. fxe3 f2+ 30. Kg2 Qf5 31. Rxd6 Qe4+ 32. Kh3 Qxc2 33. Rxd8 Rxd8 34. Qb7 Rf8 35. Qd5 Qf5+ 36. Kg2 Bxe3 37. a4 e4 38. a5 Qxd5 39. cxd5 Rd8 40. Rd1 Ba7 41. b4 e3 42. Kf1 Re8 43. Ke2 Rf8 44. Rf1 Rd8 45. b5 Rxd5 46. b6 Bxb6 47. axb6 Rb5 48. Kxe3 Rxb6 49. Rxf2 Rb3+ 50. Ke4 Kg8 1/2-1/2

[Event "FIDE World Blitz-ch Women 2018"]
[Site "St. Petersburg"]
[Date "2018.12.29"]
[Round "4.33"]
[White "Munkhzul, Turmunkh"]
[Black "Savina, Anastasia"]
[Result "1-0"]
[WhiteElo "2255"]
[BlackElo "2334"]
[Annotator "NA"]
[PlyCount "77"]
[EventDate "2018.12.19"]
[EventType "swiss"]
[EventCountry "RUS"]
[SourceTitle "playchess.com"]
[Source "ChessBase"]
[SourceQuality "1"]

1. e4 e5 2. Nf3 Nc6 3. Bb5 a6 4. Ba4 Nf6 5. O-O Be7 6. Re1 b5 7. Bb3 d6 8. c3 O-O 9. h3 Nb8 10. d4 Nbd7 11. Nbd2 Bb7 12. Bc2 Re8 13. Nf1 Bf8 14. Ng3 g6 15. a4 c5 16. d5 c4 17. Bg5 Be7 18. Qd2 Nc5 19. Bh6 Nfd7 20. Be3 Qc7 21. Nh2 Nb6 22. a5 Nbd7 23. Rf1 Bf8 24. Ng4 Qd8 25. Bh6 Nf6 26. Bg5 Ncd7 27. f4 exf4 28. Qxf4 Be7 29. Bxf6 h5 30. Bxe7 Qxe7 31. Nf6+ Nxf6 32. Qxf6 Qxf6 33. Rxf6 Rad8 34. Raf1 Re7 35. Ne2 Kg7 36. Nd4 Rdd7 37. R6f3 Re5 38. Rg3 Ree7 39. Nf5+ 1-0

[Event "FIDE World Blitz-ch Women 2018"]
[Site "St. Petersburg"]
[Date "2018.12.29"]
[Round "4.34"]
[White "Maltsevskaya, Aleksandra"]
[Black "Ovod, Evgenija"]
[Result "1-0"]
[WhiteElo "2243"]
[BlackElo "2367"]
[Annotator "NA"]
[PlyCount "62"]
[EventDate "2018.12.19"]
[EventType "swiss"]
[EventCountry "RUS"]
[SourceTitle "playchess.com"]
[Source "ChessBase"]
[SourceQuality "1"]

1. e4 e6 2. d4 d5 3. Nc3 dxe4 4. Nxe4 Bd7 5. Bd3 Bc6 6. Nf3 Nd7 7. c3 Ngf6 8. Qe2 Nxe4 9. Bxe4 Bxe4 10. Qxe4 c6 11. O-O Bd6 12. Rd1 Nf6 13. Qe2 Qc7 14. Bg5 O-O-O 15. b4 h6 16. Bh4 g5 17. Bg3 Nd5 18. Rac1 Bf4 19. Bxf4 Nxf4 20. Qe3 Ng6 21. c4 g4 22. Nd2 h5 23. b5 h4 24. bxc6 bxc6 25. Ne4 e5 26. Nc5 Rhe8 27. Qa3 Rxd4 28. Re1 Qb6 29. Rb1 Qc7 30. Qa6+ Kd8 31. Rb7 Qd6 1-0

[Event "FIDE World Blitz-ch Women 2018"]
[Site "St. Petersburg"]
[Date "2018.12.29"]
[Round "4.35"]
[White "Utiatskaja Irina (RUS)"]
[Black "Solozhenkina, Elizaveta"]
[Result "1/2-1/2"]
[WhiteElo "1918"]
[BlackElo "2258"]
[Annotator "NA"]
[PlyCount "80"]
[EventDate "2018.12.19"]
[EventType "swiss"]
[EventCountry "RUS"]
[SourceTitle "playchess.com"]
[Source "ChessBase"]
[SourceQuality "1"]

1. e4 c5 2. Nf3 d6 3. d4 cxd4 4. Nxd4 Nf6 5. Nc3 a6 6. Be3 e5 7. Nf3 Be7 8. Bc4 O-O 9. O-O b5 10. Bd5 Nxd5 11. Nxd5 Nd7 12. Re1 Bb7 13. c3 Nf6 14. Nxe7+ Qxe7 15. Bg5 h6 16. Bxf6 Qxf6 17. Qb3 Rfe8 18. Rad1 Rad8 19. a4 Bc6 20. axb5 axb5 21. h3 Qg6 22. Qb4 f5 23. Nd2 Kh8 24. f3 d5 25. exf5 Qxf5 26. Nf1 Qg6 27. Qc5 Rc8 28. Qb4 Ra8 29. Nh2 Ra4 30. Qc5 Rc4 31. Qa7 Ra8 32. Qe3 Re8 33. Ng4 Qc2 34. Qa7 Qxb2 35. Qf7 Qxc3 36. Nxh6 gxh6 37. Qf6+ Kh7 38. Qf7+ Kh8 39. Qf6+ Kh7 40. Qf7+ Kh8 1/2-1/2

[Event "FIDE World Blitz-ch Women 2018"]
[Site "St. Petersburg"]
[Date "2018.12.29"]
[Round "4.36"]
[White "Skripchenko, Almira"]
[Black "Bogumil, Tatiana"]
[Result "1-0"]
[WhiteElo "2408"]
[BlackElo "2114"]
[Annotator "NA"]
[PlyCount "85"]
[EventDate "2018.12.19"]
[EventType "swiss"]
[EventCountry "RUS"]
[SourceTitle "playchess.com"]
[Source "ChessBase"]
[SourceQuality "1"]

1. e4 g6 2. d4 Bg7 3. Nc3 c6 4. f4 d6 5. Nf3 Nf6 6. Be3 O-O 7. Qd2 b5 8. e5 dxe5 9. fxe5 Nd5 10. Nxd5 Qxd5 11. Be2 Bg4 12. O-O Nd7 13. h3 Bf5 14. c3 Nb6 15. b3 Rad8 16. Bh6 f6 17. Bxg7 Kxg7 18. Qe3 Qe4 19. Qxe4 Bxe4 20. Rfe1 Bd5 21. Rac1 Bf7 22. Bf1 Nd5 23. c4 Nb4 24. a3 Na6 25. cxb5 cxb5 26. Bxb5 Nb8 27. b4 a6 28. Bc4 Bxc4 29. Rxc4 Rd7 30. Rec1 Ra7 31. Rc7 Rxc7 32. Rxc7 Kf7 33. Kf2 Rd8 34. Ke3 Ke6 35. Rc5 h5 36. Ke4 g5 37. d5+ Kf7 38. e6+ Kg6 39. Rc7 Re8 40. g4 hxg4 41. hxg4 a5 42. b5 f5+ 43. gxf5+ 1-0

[Event "FIDE World Blitz-ch Women 2018"]
[Site "St. Petersburg"]
[Date "2018.12.29"]
[Round "4.37"]
[White "Mkrtchian, Lilit"]
[Black "Styazhkina, Anna"]
[Result "0-1"]
[WhiteElo "2392"]
[BlackElo "2274"]
[Annotator "NA"]
[PlyCount "142"]
[EventDate "2018.12.19"]
[EventType "swiss"]
[EventCountry "RUS"]
[SourceTitle "playchess.com"]
[Source "ChessBase"]
[SourceQuality "1"]

1. c4 e5 2. Nc3 Nf6 3. Nf3 Nc6 4. g3 d5 5. cxd5 Nxd5 6. Bg2 Nb6 7. a3 Be7 8. b4 Be6 9. Rb1 f6 10. d3 O-O 11. O-O Nd4 12. Nd2 c6 13. e3 Nf5 14. Qc2 Nd6 15. Nce4 Nxe4 16. Nxe4 Bd5 17. Rd1 Kh8 18. Bb2 Qe8 19. d4 exd4 20. Bxd4 Qg6 21. Rbc1 Nc4 22. Ra1 Rae8 23. Rdc1 Qf7 24. Nc5 b6 25. Nd3 Bxg2 26. Kxg2 b5 27. Nf4 Bd6 28. a4 Bxf4 29. exf4 Qd5+ 30. Kg1 Qxd4 31. axb5 cxb5 32. Rd1 Qb6 33. Qf5 Rd8 34. Re1 Rfe8 35. Rxe8+ Rxe8 36. Qd7 Ra8 37. Re1 h6 38. Re7 Rg8 39. Qd5 Qa6 40. Kg2 Qa2 41. Qe6 Qb2 42. Re8 Rxe8 43. Qxe8+ Kh7 44. Qe4+ f5 45. Qxf5+ Kg8 46. Qe6+ Kh8 47. Qe8+ Kh7 48. Qe4+ g6 49. Qb7+ Qg7 50. Qxb5 Nd6 51. Qd5 Qb7 52. Qxb7+ Nxb7 53. Kf3 Nd8 54. Ke4 Nc6 55. b5 Ne7 56. Ke5 Kg7 57. Kd6 Nf5+ 58. Kc6 Nd4+ 59. Kc5 Ne6+ 60. Kc6 Kf6 61. Kb7 Nd4 62. Ka6 Kf5 63. Kxa7 Nxb5+ 64. Kb6 Nc3 65. Kc5 Ne4+ 66. Kd4 Nxf2 67. Ke3 Ng4+ 68. Kf3 Nxh2+ 69. Kg2 Ng4 70. Kf3 Nf6 71. Kg2 Kg4 0-1

[Event "FIDE World Blitz-ch Women 2018"]
[Site "St. Petersburg"]
[Date "2018.12.29"]
[Round "4.38"]
[White "Garcia Martin, Marta"]
[Black "Charochkina, Daria"]
[Result "0-1"]
[WhiteElo "2301"]
[BlackElo "2344"]
[Annotator "NA"]
[PlyCount "86"]
[EventDate "2018.12.19"]
[EventType "swiss"]
[EventCountry "RUS"]
[SourceTitle "playchess.com"]
[Source "ChessBase"]
[SourceQuality "1"]

1. e4 c6 2. d4 d5 3. e5 c5 4. dxc5 e6 5. a3 Bxc5 6. Nf3 Ne7 7. Bd3 Nbc6 8. O-O Ng6 9. Re1 O-O 10. b4 Bb6 11. Bb2 a5 12. b5 Nce7 13. a4 Nf5 14. Nbd2 Bd7 15. c4 Nf4 16. Bxf5 exf5 17. Ba3 Nd3 18. Rf1 Be6 19. Bxf8 Qxf8 20. cxd5 Bxd5 21. Nb3 Nb4 22. Nbd4 Be4 23. Qb3 Rd8 24. Rad1 Bd5 25. Qb2 g6 26. Rd2 Qe7 27. Rfd1 Rc8 28. h3 Rc4 29. Kh2 Rc8 30. Kg1 h5 31. Ne2 Bxf3 32. gxf3 Qc5 33. Nd4 Qxe5 34. Kf1 f4 35. Qb3 Qf6 36. Ne2 Qh4 37. Nc3 Qxh3+ 38. Ke2 Re8+ 39. Ne4 Rxe4+ 40. fxe4 Qxb3 41. Kf1 Qh3+ 42. Ke2 Qg4+ 43. f3 Qg2+ 0-1

[Event "FIDE World Blitz-ch Women 2018"]
[Site "St. Petersburg"]
[Date "2018.12.29"]
[Round "4.39"]
[White "Dordzhieva, Dinara"]
[Black "Molchanova, Tatjana"]
[Result "1-0"]
[WhiteElo "2340"]
[BlackElo "2245"]
[Annotator "NA"]
[PlyCount "107"]
[EventDate "2018.12.19"]
[EventType "swiss"]
[EventCountry "RUS"]
[SourceTitle "playchess.com"]
[Source "ChessBase"]
[SourceQuality "1"]

1. Nf3 Nf6 2. g3 d5 3. Bg2 e6 4. c4 c6 5. b3 Nbd7 6. Bb2 Be7 7. O-O O-O 8. d3 b6 9. Nbd2 Bb7 10. e4 dxe4 11. dxe4 c5 12. Qe2 Qc7 13. e5 Ng4 14. h3 Nh6 15. Ne4 Nf5 16. Rad1 Rad8 17. g4 Nh6 18. Nd6 Ba8 19. Rd2 Kh8 20. Rfd1 Bxf3 21. Bxf3 f5 22. Nb5 Qb8 23. Rxd7 Rxd7 24. Rxd7 fxg4 25. hxg4 Qe8 26. Rd1 Qf7 27. Bg2 Nxg4 28. Nd6 Qf4 29. Ne4 Bh4 30. Rd3 Nxe5 31. Bxe5 Qxe5 32. Rf3 Rd8 33. Rh3 Bf6 34. Nxf6 Qxf6 35. Qe4 h6 36. Rd3 Rxd3 37. Qxd3 Qa1+ 38. Kh2 Qe5+ 39. Qg3 Qh5+ 40. Bh3 e5 41. Qg4 Qf7 42. Qc8+ Kh7 43. Qf5+ Qxf5 44. Bxf5+ g6 45. Be4 Kg7 46. Kg3 Kf6 47. Bg2 h5 48. Kf3 g5 49. Ke4 Ke6 50. f3 Kf6 51. Bh3 g4 52. fxg4 h4 53. g5+ Kxg5 54. Kxe5 1-0

[Event "FIDE World Blitz-ch Women 2018"]
[Site "St. Petersburg"]
[Date "2018.12.29"]
[Round "4.40"]
[White "Belenkaya, Dina"]
[Black "Khomeriki, Nino"]
[Result "1-0"]
[WhiteElo "2338"]
[BlackElo "2347"]
[Annotator "NA"]
[PlyCount "71"]
[EventDate "2018.12.19"]
[EventType "swiss"]
[EventCountry "RUS"]
[SourceTitle "playchess.com"]
[Source "ChessBase"]
[SourceQuality "1"]

1. e4 e5 2. Nf3 Nc6 3. Nc3 Nf6 4. d4 exd4 5. Nxd4 Bb4 6. Nxc6 bxc6 7. Bd3 d5 8. exd5 cxd5 9. O-O O-O 10. Bg5 c6 11. Qf3 Rb8 12. Ne2 Bd6 13. b3 h6 14. Bxf6 Qxf6 15. Qxf6 gxf6 16. Ng3 Bxg3 17. fxg3 Kg7 18. Rf4 c5 19. Raf1 Rb6 20. Ra4 a6 21. Re1 Be6 22. Bxa6 Ra8 23. Bb5 Rxa4 24. Bxa4 d4 25. Kf2 Bf5 26. Rc1 Re6 27. Bb5 Re3 28. a4 Rc3 29. Ke2 Be4 30. Kd2 Bxg2 31. Bd3 c4 32. Bxc4 Re3 33. a5 Bf3 34. a6 f5 35. b4 Rc3 36. Bd3 1-0

[Event "FIDE World Blitz-ch Women 2018"]
[Site "St. Petersburg"]
[Date "2018.12.29"]
[Round "4.41"]
[White "Bivol, Alina"]
[Black "Geller, Anastasiya"]
[Result "1-0"]
[WhiteElo "2393"]
[BlackElo "2187"]
[Annotator "NA"]
[PlyCount "65"]
[EventDate "2018.12.19"]
[EventType "swiss"]
[EventCountry "RUS"]
[SourceTitle "playchess.com"]
[Source "ChessBase"]
[SourceQuality "1"]

1. Nf3 d5 2. g3 Nf6 3. Bg2 c6 4. O-O Bg4 5. h3 Bf5 6. d3 h6 7. c4 e6 8. cxd5 exd5 9. Qb3 Qb6 10. Qc2 Be7 11. Nc3 O-O 12. e4 Bh7 13. Be3 Qd8 14. Rfd1 Re8 15. exd5 cxd5 16. Nd4 Nc6 17. a3 Bf8 18. Nxc6 bxc6 19. Bd4 a5 20. Qa4 Rb8 21. Qxc6 Re6 22. Qa4 Rxb2 23. Nxd5 Rb8 24. Nxf6+ gxf6 25. Be3 Bg7 26. d4 Rd6 27. d5 Rb2 28. Rac1 Bf8 29. Qg4+ Kh8 30. Rc8 Qe7 31. Bc5 Re2 32. Rxf8+ Qxf8 33. Qxe2 1-0

[Event "FIDE World Blitz-ch Women 2018"]
[Site "St. Petersburg"]
[Date "2018.12.29"]
[Round "4.42"]
[White "Maletina, Tatiana"]
[Black "Dumcheva, Julia"]
[Result "1-0"]
[WhiteElo "2270"]
[BlackElo "2168"]
[Annotator "NA"]
[PlyCount "75"]
[EventDate "2018.12.19"]
[EventType "swiss"]
[EventCountry "RUS"]
[SourceTitle "playchess.com"]
[Source "ChessBase"]
[SourceQuality "1"]

1. d4 Nf6 2. c4 g6 3. f3 Bg7 4. e4 d6 5. Nc3 O-O 6. Be3 e5 7. Nge2 Nc6 8. d5 Nb8 9. g4 a5 10. Ng3 c6 11. h4 h5 12. gxh5 Nxh5 13. Nxh5 gxh5 14. Qd2 Kh7 15. O-O-O a4 16. Bd3 a3 17. b3 b5 18. Kb1 bxc4 19. Bxc4 Ba6 20. Bxa6 Rxa6 21. Rdg1 f5 22. Rxg7+ Kxg7 23. Bh6+ Kh8 24. Bxf8 Qxf8 25. Qg5 Ra7 26. Qxh5+ Rh7 27. Qg6 cxd5 28. Nxd5 Nd7 29. exf5 Rh6 30. Qg5 Nf6 31. Nxf6 Qxf6 32. Rc1 Qxg5 33. hxg5 Rh2 34. f6 Rf2 35. Rc8+ Kh7 36. f7 Rb2+ 37. Kc1 Rxa2 38. f8=Q 1-0

[Event "FIDE World Blitz-ch Women 2018"]
[Site "St. Petersburg"]
[Date "2018.12.29"]
[Round "4.43"]
[White "Goltseva, Ekaterina"]
[Black "Sukhareva, Evgeniya"]
[Result "0-1"]
[WhiteElo "2153"]
[BlackElo "2126"]
[Annotator "NA"]
[PlyCount "98"]
[EventDate "2018.12.19"]
[EventType "swiss"]
[EventCountry "RUS"]
[SourceTitle "playchess.com"]
[Source "ChessBase"]
[SourceQuality "1"]

1. d4 Nf6 2. c4 e6 3. Nc3 c5 4. d5 exd5 5. cxd5 d6 6. e4 g6 7. Nge2 Bg7 8. Ng3 O-O 9. Be2 a6 10. a4 Qe7 11. f3 Nbd7 12. O-O Ne8 13. Qc2 Rb8 14. Kh1 Nc7 15. a5 b5 16. axb6 Rxb6 17. f4 Rb4 18. Bd2 Nb6 19. Nd1 Rd4 20. Bc3 h5 21. Bxd4 Bxd4 22. Bf3 Nb5 23. Nc3 Nc4 24. Nge2 Ne3 25. Qd2 Nxf1 26. Rxf1 Bg7 27. Re1 h4 28. Nxb5 axb5 29. Nc1 h3 30. g3 Re8 31. Nd3 c4 32. Nf2 Qa7 33. Bg4 Bxg4 34. Nxg4 Qa2 35. e5 Qa8 36. Qd4 Qa5 37. Qe4 Qd2 38. Qe2 Qxd5+ 39. Kg1 dxe5 40. fxe5 Qc5+ 41. Qe3 Qc6 42. Qe4 Qe6 43. Nf2 Qxe5 44. Qxe5 Rxe5 45. Rb1 Re2 46. b3 Bd4 47. bxc4 Rxf2 48. Rxb5 Rf3+ 49. Kh1 Rf1# 0-1

[Event "FIDE World Blitz-ch Women 2018"]
[Site "St. Petersburg"]
[Date "2018.12.29"]
[Round "4.44"]
[White "Fominykh, Maria"]
[Black "Vasilevich, Irina"]
[Result "1/2-1/2"]
[WhiteElo "2259"]
[BlackElo "2258"]
[Annotator "NA"]
[PlyCount "69"]
[EventDate "2018.12.19"]
[EventType "swiss"]
[EventCountry "RUS"]
[SourceTitle "playchess.com"]
[Source "ChessBase"]
[SourceQuality "1"]

1. Nf3 b6 2. g3 Bb7 3. Bg2 e6 4. O-O d6 5. c4 Nd7 6. Nc3 Be7 7. e4 g5 8. d4 h5 9. d5 e5 10. Ne1 h4 11. Nd3 Bf6 12. Be3 Ne7 13. b4 Ba6 14. Nb5 Bxb5 15. cxb5 Ng6 16. Qg4 Nf4 17. gxf4 exf4 18. Bd2 Bxa1 19. Rxa1 Qf6 20. Rc1 O-O-O 21. Bc3 Qh6 22. Bxh8 Qxh8 23. e5 h3 24. Bxh3 Kb8 25. exd6 cxd6 26. Qe2 Qxh3 27. Qe7 Qg4+ 28. Kf1 Qh3+ 29. Ke1 Rh8 30. Qxd6+ Ka8 31. Qc6+ Kb8 32. Qc7+ Ka8 33. Qc6+ Kb8 34. Qc7+ Ka8 35. Qc6+ 1/2-1/2

[Event "FIDE World Blitz-ch Women 2018"]
[Site "St. Petersburg"]
[Date "2018.12.29"]
[Round "4.45"]
[White "Lysenko, Margarita"]
[Black "Semenova, Elena"]
[Result "0-1"]
[WhiteElo "2190"]
[BlackElo "2260"]
[Annotator "NA"]
[PlyCount "170"]
[EventDate "2018.12.19"]
[EventType "swiss"]
[EventCountry "RUS"]
[SourceTitle "playchess.com"]
[Source "ChessBase"]
[SourceQuality "1"]

1. c4 c5 2. g3 Nc6 3. Bg2 g6 4. Nf3 Bg7 5. O-O Nf6 6. Nc3 O-O 7. d4 d6 8. e3 Bf5 9. b3 Ne4 10. Bb2 Nxc3 11. Bxc3 Be4 12. Qd2 Rc8 13. Qb2 Qb6 14. d5 Bxc3 15. Qxc3 Qb4 16. Qb2 Nb8 17. a3 Qb6 18. h4 h5 19. Ng5 Bxg2 20. Kxg2 Nd7 21. Qc3 Ne5 22. Nf3 Nxf3 23. Kxf3 Qc7 24. Kg2 Qd7 25. e4 e6 26. dxe6 Qxe6 27. Rfe1 Qe5 28. Qc2 Rfe8 29. Rad1 Re6 30. Rd5 Qf6 31. Red1 Rce8 32. f3 b6 33. Qd3 Qe7 34. Rxd6 Qf6 35. Rxe6 Qxe6 36. Qd7 Qe5 37. Rd5 Qb2+ 38. Rd2 Qe5 39. Rd5 Qb2+ 40. Kh3 Re6 41. Rd3 Qb1 42. Kg2 Qc2+ 43. Rd2 Qxb3 44. Qd5 Qe3 45. Qd3 Qxd3 46. Rxd3 Kf8 47. Rd7 Re7 48. Rd8+ Re8 49. Rd5 Ke7 50. Kf2 Rd8 51. Ke3 Rb8 52. a4 Ke6 53. f4 f6 54. e5 fxe5 55. Rxe5+ Kf6 56. Kf3 Rd8 57. Ke2 Rd4 58. Re8 Rxc4 59. Rf8+ Ke6 60. Re8+ Kf7 61. Rb8 Rxa4 62. Rb7+ Kf6 63. Kf3 Ke6 64. Rg7 Kf6 65. Rc7 Ra3+ 66. Kg2 Ke6 67. Kh3 Kf6 68. Rc6+ Kf5 69. Rc7 a5 70. Rf7+ Ke6 71. Rg7 Kf6 72. Rc7 Rb3 73. Rc6+ Kf5 74. Rc8 a4 75. Rf8+ Ke6 76. Kg2 a3 77. Ra8 b5 78. Ra6+ Kf5 79. Ra5 c4 80. Ra8 b4 81. Rf8+ Ke4 82. Re8+ Kd5 83. Rd8+ Ke6 84. Re8+ Kf7 85. Rc8 c3 0-1

[Event "FIDE World Blitz-ch Women 2018"]
[Site "St. Petersburg"]
[Date "2018.12.29"]
[Round "4.46"]
[White "Tomilova, Elena"]
[Black "Doan, Thi Van Anh"]
[Result "0-1"]
[WhiteElo "2338"]
[BlackElo "1950"]
[Annotator "NA"]
[PlyCount "98"]
[EventDate "2018.12.19"]
[EventType "swiss"]
[EventCountry "RUS"]
[SourceTitle "playchess.com"]
[Source "ChessBase"]
[SourceQuality "1"]

1. c4 e5 2. g3 d6 3. Bg2 Nf6 4. Nc3 Be7 5. e3 c6 6. Nge2 Be6 7. b3 O-O 8. d4 exd4 9. Nxd4 Bg4 10. Qd2 Nbd7 11. h3 Bh5 12. O-O a5 13. Nf5 Bg6 14. Nxd6 Qc7 15. Rd1 Rad8 16. e4 Bxd6 17. Qxd6 Qxd6 18. Rxd6 Nc5 19. Rxd8 Rxd8 20. e5 Nfe4 21. Ba3 Nxc3 22. Bxc5 h6 23. Bb6 Ra8 24. f4 a4 25. b4 Ra6 26. c5 a3 27. Kf2 Ne4+ 28. Kf3 Ra4 29. g4 Rxb4 30. f5 Ng5+ 31. Kg3 Bh7 32. Rd1 Kf8 33. h4 Ne4+ 34. Kh2 h5 35. Re1 Nc3 36. Re3 Nb5 37. f6 Rxg4 38. Re2 Rxh4+ 39. Kg3 Rg4+ 40. Kf3 Nd4+ 41. Kf2 Nxe2 42. Bf3 Rf4 43. Kxe2 gxf6 44. Bc7 fxe5 45. Bxe5 Rf5 46. Bd6+ Kg7 47. Be4 Rg5 48. Bf3 h4 49. Be7 Re5+ 0-1